[Event "TCh-TUR 2011"]
[Site "Konya TUR"]
[Date "2011.06.28"]
[Round "1"]
[White "Uzun,S"]
[Black "Arat,Uf"]
[Result "1/2-1/2"]
[WhiteElo "1967"]
[BlackElo "2053"]

1.Nf3 Nf6 2.Ng1 Ng8 3.Nf3 Nf6 4.c4 g6 5.g3 Bg7 6.Bg2 O-O 7.d4 d6 8.O-O Nbd7
9.Nc3 e5 10.e4 exd4 11.Nxd4 Re8 12.Re1 a6 13.Rb1 Rb8 14.h3 Ne5 15.b3 c5 16.Nc2 b5
17.cxb5 axb5 18.f4 Ned7 19.Qxd6 Qa5 20.b4 cxb4 21.Qxb4 Qc7 22.e5 Bf8 23.Qb2 b4
24.Nd1 Nc5 25.Nf2 Na4 26.Qb3 Bf5 27.Ne3 Bxb1 28.Qxb1 Nc3 29.Qb3 Nd7 30.Bd2 Nc5
31.Qc4 Ne6 32.Qxc7 Nxc7 33.Bxc3 bxc3 34.Ne4 Rec8 35.Rc1 Nb5 36.Kh2 Ba3 37.Rc2 Bb2
38.Nd6 Nxd6 39.exd6 Rd8 40.Nc4 Rb4 41.Bd5 Rb5 42.Be4 Ba1 43.Kg2 Rc5 44.Bd3 Rd5
45.Be2 Kg7 46.Kf2 Kg8 47.Kg2 Kg7 48.Kf2 Re8 49.a4 Rd4 50.Bf1 Rc8 51.Ke3 Rd1
52.Bd3 Re8+ 53.Kd4 Re2 54.Kc5 Re8 55.Kd4 Re2 56.Kc5 Re8 57.Kd4  1/2-1/2

[Event "TCh-TUR 2011"]
[Site "Konya TUR"]
[Date "2011.06.30"]
[Round "3"]
[White "Uzun,S"]
[Black "Dastan,B"]
[Result "0-1"]
[WhiteElo "1967"]
[BlackElo "2191"]

1.Nf3 Nf6 2.c4 g6 3.g3 Bg7 4.Bg2 O-O 5.O-O d6 6.d4 c5 7.Nc3 Nc6 8.d5 Na5
9.Nd2 a6 10.Qc2 e6 11.b3 exd5 12.cxd5 b5 13.Bb2 Bb7 14.e4 Rc8 15.a4 b4 16.Nd1 Nd7
17.Bxg7 Kxg7 18.Ne3 Nb6 19.Rac1 Rc7 20.h4 Bc8 21.Kh2 Re8 22.f4 f5 23.h5 Qf6
24.Rfe1 Rce7 25.Qd3 fxe4 26.Bxe4 Qb2 27.Rc2 Qd4 28.Qxd4+ cxd4 29.Ng2 Bb7
30.Rec1 Bxd5 31.Bxd5 Nxd5 32.hxg6 hxg6 33.Nc4 d3 34.Rb2 Nxc4 35.bxc4 Nc3
36.Rd2 Rh8+ 37.Nh4 Re2+ 38.Rxe2 dxe2 39.Kg2 Rxh4 40.gxh4 Nd1  0-1

[Event "TCh-TUR 2011"]
[Site "Konya TUR"]
[Date "2011.07.02"]
[Round "6"]
[White "Sengul,C"]
[Black "Dogan,A"]
[Result "1/2-1/2"]
[WhiteElo "2225"]
[BlackElo "2130"]

1.Nf3 Nf6 2.c4 g6 3.g3 Bg7 4.Bg2 O-O 5.O-O d6 6.d4 Nbd7 7.Nc3 e5 8.h3 Re8
9.Re1 exd4 10.Nxd4 Nc5 11.Nb3 Nfe4 12.Nxe4 Nxe4 13.Nd2 Nc5 14.Nb3 Ne4 15.Nd2 Nc5
16.Nb3 Ne4 17.Nd2  1/2-1/2

[Event "XXXIV Open"]
[Site "Barbera del Valles ESP"]
[Date "2011.07.04"]
[Round "1"]
[White "Vassallo Barroche,M"]
[Black "Bals Hernandez,J"]
[Result "1-0"]
[WhiteElo "2416"]
[BlackElo "2089"]

1.Nf3 Nf6 2.c4 g6 3.g3 Bg7 4.Bg2 O-O 5.O-O d6 6.d4 Nc6 7.Nc3 a6 8.b3 Rb8
9.Nd5 Bd7 10.Nxf6+ exf6 11.d5 Ne5 12.Nd4 f5 13.h3 c5 14.dxc6 Nxc6 15.Bb2 Qb6
16.Nxc6 Bxc6 17.Bxg7 Kxg7 18.Qxd6 Rfe8 19.Qd2 Bxg2 20.Kxg2 Qc6+ 21.Kg1 Rbd8
22.Qb2+ Qf6 23.Rab1 Re7 24.Rfc1 Red7 25.Qxf6+ Kxf6 26.Rc2 Ke5 27.Kg2 Ke4
28.b4 Rd2 29.Rbb2 Rxc2 30.Rxc2 Rd1 31.c5 Kd5 32.a3 Kc6 33.Rc3 Kb5 34.Kf3 Rd2
35.h4 Rd5 36.Rd3 Rxd3+ 37.exd3 a5 38.Ke3  1-0

[Event "TCh-TUR 2011"]
[Site "Konya TUR"]
[Date "2011.07.04"]
[Round "8"]
[White "Uzun,S"]
[Black "Coban,Met"]
[Result "1/2-1/2"]
[WhiteElo "1967"]
[BlackElo "1922"]

1.Nf3 Nf6 2.c4 g6 3.g3 Bg7 4.Bg2 O-O 5.O-O d6 6.d4 c6 7.Nc3 a6 8.e4 Qc7 9.h3 b5
10.cxb5 axb5 11.Qc2 b4 12.Nb1 b3 13.Qxb3 Nxe4 14.Re1 Be6 15.Qc2 Nf6 16.Nc3 Na6
17.Qe2 h6 18.Be3 Nb4 19.a3 Nbd5 20.Rac1 Nxc3 21.Rxc3 Nd5 22.Rcc1 Rfb8 23.g4 Rb6
24.Rc2 Qb7 25.Bc1 Rb3 26.Nh4 g5 27.Nf3 Qa6 28.Qe4 Rb6 29.Rce2 Nf6 30.Qc2 Bb3
31.Qd2 e6 32.Kh1 Bc4 33.Re3 Nd5 34.Re4 Nf6 35.R4e3 Nd5 36.Re4 Nf6 37.R4e3  1/2-1/2

[Event "86th ch-Paris IdF"]
[Site "Paris FRA"]
[Date "2011.07.04"]
[Round "3.9"]
[White "Zysk,R"]
[Black "Alfred,N"]
[Result "1-0"]
[WhiteElo "2437"]
[BlackElo "2275"]

1.Nf3 Nf6 2.c4 g6 3.g3 Bg7 4.Bg2 O-O 5.O-O d6 6.d4 Nc6 7.Nc3 a6 8.Bd2 e5
9.d5 Ne7 10.e4 Ne8 11.Ne1 f5 12.Nd3 c5 13.a4 fxe4 14.Nxe4 Nf5 15.b4 cxb4
16.Bxb4 Nd4 17.c5 Bf5 18.Rb1 Rf7 19.cxd6 Bxe4 20.Bxe4 Nxd6 21.Bg2 a5 22.Bc5 Rc8
23.Re1 e4 24.Bb6 Qf6 25.Bxe4 Nxe4 26.Rxe4 Nf3+ 27.Kg2 g5 28.Ne1 Ne5 29.Bd4 Qf5
30.Qe2 Rcf8 31.Rb5 g4 32.Rf4 Qh5 33.Bxe5 Re8 34.d6 Rxe5 35.Rxe5 Qxe5 36.Qxe5 Bxe5
37.Rxg4+ Kf8 38.Rg5 Bxd6 39.Rxa5 Bb4 40.Re5 Re7 41.Rxe7 Kxe7 42.Nd3 Bc3 43.Kf3 Kd6
44.Ke4 Kc6 45.f4 Kb6 46.Kd5 Ka5 47.Nc5 b6 48.Nd7  1-0

[Event "TCh-TUR 2011"]
[Site "Konya TUR"]
[Date "2011.07.05"]
[Round "9"]
[White "Ibrahimov,R"]
[Black "Nisipeanu,LD"]
[Result "1/2-1/2"]
[WhiteElo "2532"]
[BlackElo "2659"]

1.Nf3 Nf6 2.c4 g6 3.g3 Bg7 4.Bg2 O-O 5.O-O d6 6.d4 Nbd7 7.Nc3 e5 8.e4 exd4
9.Nxd4 Re8 10.h3 a6 11.Be3 Rb8 12.b3 Nc5 13.Qc2 Bd7 14.Rad1 Qc8 15.Kh2 b5
16.b4 Na4 17.Nxa4 bxa4 18.Rb1 Re5 19.f3 d5 20.Bf4 Rh5 21.e5 Bxh3 22.Kg1 dxc4
23.exf6 Bxf6 24.Be3 c5 25.bxc5 Rxb1 26.Rxb1 Bxd4 27.Bxd4 Bf5 28.Qb2 Bxb1
29.Qxb1 c3 30.Qc2 Rxc5 31.Bxc5 Qxc5+ 32.Kf1 Qe3 33.Qe2 Qc5 34.Qc2 Qe3 35.Qe2 Qg5
36.Qc2 Qe3  1/2-1/2

[Event "Karvina Open"]
[Site "Karvina CZE"]
[Date "2011.07.06"]
[Round "5"]
[White "Jaworski,Mi"]
[Black "Zimniok,L"]
[Result "1/2-1/2"]
[WhiteElo "2337"]
[BlackElo "2109"]

1.Nf3 Nf6 2.c4 g6 3.g3 Bg7 4.Bg2 O-O 5.O-O d6 6.d4 c6 7.Nc3 Bg4 8.h3 Bxf3
9.Bxf3 Qc8 10.Bg2 e5 11.e3 Nbd7 12.b3 Rd8 13.Bb2 Ne8 14.f4 f5 15.g4 e4 16.Rf2 Nb6
17.a4 a5 18.gxf5 gxf5 19.Bf1 d5 20.Ba3 Qe6 21.Bc5 Nd7 22.cxd5 cxd5 23.Ba3 Kh8
24.Kh2 Nf8 25.Bxf8 Bxf8 26.Rg2 Ng7 27.Nb5 Rac8 28.Rc1 Qb6  1/2-1/2

[Event "86th ch-Paris IdF"]
[Site "Paris FRA"]
[Date "2011.07.06"]
[Round "5.8"]
[White "Zysk,R"]
[Black "Guilleux,F"]
[Result "1/2-1/2"]
[WhiteElo "2437"]
[BlackElo "2388"]

1.Nf3 Nf6 2.c4 g6 3.g3 Bg7 4.Bg2 O-O 5.O-O d5 6.d4 dxc4 7.Na3 c5 8.Nxc4 Nc6
9.dxc5 Qxd1 10.Rxd1 Ne4 11.Be3 Be6 12.Rac1 Rfd8 13.Rd3 Nb4 14.Nfe5 Nxd3 15.exd3 Nxc5
16.Bxc5 Bxc4 17.Nxc4 Rac8 18.Bxe7 Rxd3 19.Bf1 Rd7 20.Re1 Re8 21.Bb4 Rxe1
22.Bxe1 Rd1 23.Bb4 b5 24.Ne3 Ra1 25.b3 a6 26.Bc5 Rxa2 27.Nd5 Rc2 28.b4 a5
29.Bxb5 axb4 30.Bxb4 Bd4 31.Be1 Rc5 32.Bc6 Kg7 33.Bb7 Rb5 34.Bc6 Rc5 35.Bb7 Rb5
36.Bc6  1/2-1/2

[Event "Lev Polugaevsky Mem"]
[Site "Samara RUS"]
[Date "2011.07.06"]
[Round "2"]
[White "Sabaev,E"]
[Black "Bukavshin,I"]
[Result "0-1"]
[WhiteElo "2252"]
[BlackElo "2506"]

1.Nf3 Nf6 2.c4 g6 3.g3 Bg7 4.Bg2 O-O 5.O-O d5 6.cxd5 Nxd5 7.d4 Nb6 8.Nc3 Nc6
9.d5 Na5 10.e4 Bg4 11.h3 Bxf3 12.Qxf3 c6 13.Bf4 cxd5 14.exd5 Rc8 15.Rac1 Qd7
16.Rfe1 Nac4 17.b3 Nd6 18.g4 Rfd8 19.Qg3 Rc5 20.Ne2 Rdc8 21.Qe3 Rxc1 22.Rxc1 Rxc1+
23.Qxc1 Qb5 24.Qd2 a5 25.Bg5 Bf6 26.Bxf6 exf6 27.Nf4 Nd7 28.Qd4 Ne5 29.g5 Nf5
30.Qe4 Qb6 31.Nh5 gxh5 32.Qxf5 Kg7 33.Be4 Ng6 34.gxf6+ Qxf6 35.Qxh5 Qa1+
36.Kh2 Qxa2 37.Qf3 Qd2 38.Qg3 Qd4 39.Bg2 b5 40.d6 a4 41.bxa4 bxa4 42.Bc6 a3
43.Qxa3 Qxf2+ 44.Kh1 Qe1+ 45.Kh2 Qd2+ 46.Kh1 Qd1+ 47.Kh2 Qc2+ 48.Bg2 Qd2
49.Qg3 Kf6 50.Kg1 Nf4 51.Bf3 Qxd6 52.Qh4+ Kg7 53.Qg4+ Kf8 54.Qc8+ Kg7 55.Qg4+ Kf8
56.Qc8+ Ke7 57.Qb7+ Kf6 58.Qb2+ Kg5 59.Qg7+ Qg6 60.Qxg6+ hxg6  0-1

[Event "6th Polonia Wroclaw Open A"]
[Site "Wroclaw POL"]
[Date "2011.07.06"]
[Round "4"]
[White "Dubinski,M"]
[Black "Chrzanowski,M"]
[Result "1/2-1/2"]
[WhiteElo "2226"]
[BlackElo "1981"]

1.Nf3 Nf6 2.c4 g6 3.g3 Bg7 4.Bg2 O-O 5.O-O d5 6.cxd5 Nxd5 7.Nc3 Nb6 8.d3 Nc6
9.a4 a5 10.Nb5 Bd7 11.Nd2 Rb8 12.Nb3 Nxa4 13.Rxa4 Na7 14.Nxa5 Bxb5 15.Ra2 Nc6
16.Nxc6 Bxc6 17.Bxc6 bxc6 18.Qa4 Qd5 19.Bf4 Rfc8 20.Rc1 c5 21.Qc4 Qxc4 22.Rxc4 Rxb2
23.Rxb2 Bxb2 24.Rxc5 c6 25.g4 f6 26.h4 Kf7 27.Kg2 e5 28.Bd2 Ke6 29.Ra5 Rc7
30.Ra8 Bd4 31.Ba5 Ra7 32.Rxa7 Bxa7 33.Kf3 f5 34.e3  1/2-1/2

[Event "XXXIV Open"]
[Site "Barbera del Valles ESP"]
[Date "2011.07.07"]
[Round "4"]
[White "Bystrov,SM"]
[Black "Gonzalez Perez,A"]
[Result "0-1"]
[WhiteElo "2300"]
[BlackElo "2490"]

1.Nf3 Nf6 2.c4 g6 3.g3 Bg7 4.Bg2 O-O 5.O-O d6 6.Nc3 e5 7.d3 Re8 8.Qc2 c6
9.e4 a5 10.a3 Na6 11.Rb1 Bg4 12.b4 axb4 13.axb4 Nc7 14.h3 Bxf3 15.Bxf3 Ne6
16.Bg2 Nd7 17.Be3 Nd4 18.Qb2 Nf8 19.Ra1 Nfe6 20.Rxa8 Qxa8 21.Ra1 Qb8 22.b5 Nc5
23.Bf1 f5 24.Na4 Nce6 25.bxc6 bxc6 26.Qb6 Qa8 27.Ra2 f4 28.Nc3 Qc8 29.Bxd4 Nxd4
30.Ra7 fxg3 31.fxg3 Qe6 32.Qb7 Qf6 33.Bg2 Rf8 34.Kh1 Nc2 35.Nd1 Ne1 36.Ne3 h5
37.Qxc6 Nxg2 38.Nxg2 Qf1+ 39.Kh2 Rf2  0-1

[Event "86th ch-Paris IdF"]
[Site "Paris FRA"]
[Date "2011.07.07"]
[Round "6.14"]
[White "Tate,A"]
[Black "Madeira,W"]
[Result "1/2-1/2"]
[WhiteElo "2342"]
[BlackElo "2210"]

1.Nf3 Nf6 2.c4 g6 3.g3 Bg7 4.Bg2 O-O 5.O-O d6 6.d4 c6 7.Nc3 Qa5 8.e4 Qh5
9.e5 dxe5 10.Nxe5 Qxd1 11.Rxd1 Na6 12.Bf4 Ng4 13.Nf3 Be6 14.h3 Nf6 15.d5 cxd5
16.cxd5 Bd7 17.Ne5 Rad8 18.d6 exd6 19.Nxd7 Rxd7 20.Rxd6 Rxd6 21.Bxd6 Rd8
22.Nb5 b6 23.Rc1 Ne8 24.Be7 Rd7 25.Re1 Nec7 26.Bc6 Rd2 27.b4 Ne6 28.Bb7 Rd7
29.Bxa6 Rxe7 30.Rc1 h5 31.Rc8+ Kh7 32.Rc2 h4 33.Kg2 Bf6 34.a4 Kg7  1/2-1/2

[Event "XXXIV Open"]
[Site "Barbera del Valles ESP"]
[Date "2011.07.08"]
[Round "5"]
[White "Aranaz Murillo,A"]
[Black "Bufi Pujadas,A"]
[Result "1-0"]
[WhiteElo "2176"]
[BlackElo "1902"]

1.Nf3 Nf6 2.c4 g6 3.g3 Bg7 4.Bg2 O-O 5.O-O c5 6.Nc3 Nc6 7.d4 cxd4 8.Nxd4 Nxd4
9.Qxd4 d6 10.Qd3 a6 11.Bd2 Rb8 12.Rfd1 Be6 13.Rac1 Qb6 14.Na4 Qd8 15.c5 dxc5
16.Qa3 Nd7 17.Bf4 c4 18.Nc5 Ra8 19.Nxe6 fxe6 20.Bh3 g5 21.Bxe6+ Kh8 22.Be3 c3
23.bxc3 Rf6 24.Bxd7 Rh6 25.Bxg5 Rb6 26.Be3  1-0

[Event "6th Polonia Wroclaw Open A"]
[Site "Wroclaw POL"]
[Date "2011.07.08"]
[Round "7"]
[White "Kolasinski,K"]
[Black "Suliborski,J"]
[Result "1-0"]
[WhiteElo "2004"]
[BlackElo "1967"]

1.Nf3 Nf6 2.g3 g6 3.Bg2 Bg7 4.c4 O-O 5.O-O d6 6.Nc3 e5 7.d3 Nc6 8.Rb1 h6
9.b4 Nh5 10.b5 Ne7 11.e4 Be6 12.Nd5 Kh7 13.Nh4 a6 14.bxa6 b6 15.Nb4 c5 16.Nd5 Bxd5
17.cxd5 Rxa6 18.Bf3 Nf6 19.Qb3 Nd7 20.Ng2 Qc7 21.Ne3 Rfa8 22.Ra1 b5 23.Qxb5 Rxa2
24.Rxa2 Rxa2 25.Nc4 Ra7 26.Bd2 f5 27.Rb1 Nf6 28.Ba5 Qd7 29.Qxd7 Nxd7 30.Bd1 g5
31.Bd8 Bf8 32.Bh5 Nf6 33.Bf3 g4 34.Be2 Ra2 35.Rb7 Rxe2 36.Bxe7 Bxe7 37.Rxe7+ Kg6
38.Kf1 Ra2 39.exf5+ Kg5 40.Nxd6 Nxd5 41.Rxe5 Nb4 42.Ne4+ Kh5 43.Nxc5 Rd2
44.f6+ Kg6 45.Re4 Nxd3 46.Nxd3 Rxd3 47.Rf4 Kf7 48.Kg2 h5 49.h3 gxh3+ 50.Kxh3 Rd5
51.Kh4 Re5 52.f3 Rb5 53.g4 Rc5 54.g5 Rc8 55.Kxh5 Rh8+ 56.Kg4 Kg6 57.f7 Rf8
58.Rf6+ Kg7 59.f4 Kh7 60.g6+ Kg7  1-0

[Event "ch-Central Serbia Int Open B"]
[Site "Paracin SRB"]
[Date "2011.07.09"]
[Round "2.15"]
[White "Kosir,F"]
[Black "Zivanovic,Blagoje"]
[Result "1-0"]
[WhiteElo "1978"]
[BlackElo "1684"]

1.Nf3 Nf6 2.c4 g6 3.g3 Bg7 4.Bg2 O-O 5.O-O d6 6.Nc3 Nc6 7.d3 Bd7 8.Rb1 a5
9.a3 Ng4 10.h3 Nge5 11.Ne1 f5 12.Bd2 e6 13.b4 axb4 14.axb4 Qc8 15.b5 Ne7
16.Qb3 Rb8 17.Nc2 Nf7 18.f4 c5 19.Ra1 d5 20.Rae1 d4 21.Na4 Nd6 22.Nb6 Qc7
23.Nxd7 Qxd7 24.e3 Kh8 25.exd4 Bxd4+ 26.Nxd4 cxd4 27.Qb2 Nf7 28.Bb4 Rfd8
29.Re2 e5 30.fxe5 Qe6 31.Rfe1 g5 32.Bxe7 Qxe7 33.Bd5 Rxd5 34.cxd5 Qc5 35.Qb3 Re8
36.Rc2 Qe7 37.e6 Qd6 38.Kg2 f4 39.exf7 Rxe1 40.Rc8+ Kg7 41.f8=Q+ Qxf8 42.Rxf8 Re2+
43.Kf1  1-0

[Event "10th Condom GM"]
[Site "Condom FRA"]
[Date "2011.07.10"]
[Round "2.2"]
[White "Barsov,A"]
[Black "Grigore,Ge"]
[Result "1/2-1/2"]
[WhiteElo "2534"]
[BlackElo "2488"]

1.Nf3 Nf6 2.c4 g6 3.g3 Bg7 4.Bg2 O-O 5.O-O c6 6.d4 d6 7.Nc3 Qa5 8.e3 e5 9.Bd2 Qc7
10.Rc1 exd4 11.Nxd4 Nbd7 12.Ne4 Nxe4 13.Bxe4 Nf6 14.Bg2 Re8 15.Rc2 Ng4 16.Nf3  1/2-1/2

[Event "118th ch-SCO"]
[Site "Edinburgh SCO"]
[Date "2011.07.10"]
[Round "2"]
[White "Campbell,E"]
[Black "Roberts,P"]
[Result "0-1"]
[WhiteElo "1876"]
[BlackElo "2231"]

1.Nf3 Nf6 2.c4 g6 3.g3 Bg7 4.Bg2 O-O 5.O-O d6 6.d4 Nc6 7.Nc3 Bg4 8.d5 Na5
9.Nd2 c5 10.a3 Qc8 11.Rb1 Rb8 12.Qa4 b6 13.b4 cxb4 14.axb4 Nxc4 15.Qc6 Ne5
16.Qxc8 Rfxc8 17.Bb2 Nc4 18.Nxc4 Rxc4 19.b5 Rbc8 20.Rfc1 Ne8 21.h3 Bd7 22.Na2 Bxb2
23.Rxc4 Rxc4 24.Rxb2 Rc5 25.e3 Rxb5 26.Rxb5 Bxb5 27.Nb4 a5 28.Nc6 Kf8 29.Nb8 a4
30.Bf1 Bxf1 31.Kxf1 a3  0-1

[Event "Pinnacle 48th COCC"]
[Site "Toronto CAN"]
[Date "2011.07.10"]
[Round "2"]
[White "Mulyar,M"]
[Black "Xu,H"]
[Result "1-0"]
[WhiteElo "2410"]
[BlackElo "1875"]

1.c4 Nf6 2.Nf3 g6 3.g3 Bg7 4.Bg2 O-O 5.O-O d6 6.d4 Nbd7 7.Nc3 e5 8.e4 c6
9.h3 Qb6 10.c5 dxc5 11.dxe5 Ne8 12.e6 fxe6 13.Ng5 Ne5 14.f4 Nf7 15.Nxf7 Bd4+
16.Kh2 Rxf7 17.e5 Nc7 18.Ne4 Nd5 19.Qc2 a5 20.a3 Qa7 21.Ng5 Rg7 22.Nf3 Bd7
23.Rd1 Rf8 24.Qd3 h6 25.h4 a4 26.Nxd4 cxd4 27.Qxd4 c5 28.Qc4 Bc6 29.Qe2 b6
30.Bd2 Qe7 31.Rf1 Rgf7 32.h5 Rg7 33.hxg6 Rxg6 34.Be4 Rg7 35.Rae1 Qe8 36.f5 Bb5
37.Qf3 Bxf1 38.Rxf1 Rgf7 39.f6 Nxf6 40.exf6 Rxf6 41.Qg4+ Kh8 42.Rxf6 Rxf6
43.Bc3 e5 44.Bd5 Rf2+ 45.Kg1 Rf8 46.Qe4  1-0

[Event "6th Polonia Wroclaw Open A"]
[Site "Wroclaw POL"]
[Date "2011.07.10"]
[Round "9"]
[White "Swicarz,M"]
[Black "Dragun,K"]
[Result "0-1"]
[WhiteElo "2286"]
[BlackElo "2428"]

1.Nf3 Nf6 2.c4 g6 3.g3 Bg7 4.Bg2 O-O 5.O-O c5 6.d4 cxd4 7.Nxd4 Nc6 8.Nc3 Nxd4
9.Qxd4 d6 10.Qd3 a6 11.Bd2 Rb8 12.Rfd1 Bf5 13.e4 Bg4 14.f3 Be6 15.a4 Nd7
16.Qe2 Qc7 17.Nd5 Bxd5 18.cxd5 Bxb2 19.Rab1 Bd4+ 20.Kh1 Rfc8 21.Bh3 Qd8 22.Rb3 Rc2
23.Qd3 Rb2 24.Rxb2 Bxb2 25.Rb1 Bf6 26.Be3 Nc5 27.Qc4 Qa5 28.Bf1 Nxa4 29.Ba7 b5
30.Qc6 Rf8 31.Kg1 Nc3 32.Rc1 b4 33.f4 Nxe4 34.Qxa6 Qxa6 35.Bxa6 b3  0-1

[Event "Oberwart Open"]
[Site "Oberwart AUT"]
[Date "2011.07.11"]
[Round "3"]
[White "Groh,J"]
[Black "Videki,S"]
[Result "0-1"]
[WhiteElo "2116"]
[BlackElo "2460"]

1.c4 Nf6 2.Nf3 g6 3.g3 Bg7 4.Bg2 O-O 5.O-O d5 6.cxd5 Nxd5 7.d4 Nb6 8.b3 c5
9.Bb2 Nc6 10.e3 Bg4 11.h3 Bxf3 12.Bxf3 cxd4 13.Bxc6 bxc6 14.Bxd4 Bxd4 15.exd4 Qd7
16.Re1 Rfe8 17.Qg4 Qxg4 18.hxg4 Rad8 19.Na3 Rxd4 20.Rac1 Rd2 21.Rxc6 Rxa2
22.Nb5 Nd5 23.Rd6 a6 24.Rxd5 axb5 25.Rxb5 Rd8 26.Re3 h6 27.Rb7 Rdd2 28.Rf3 Ra1+
29.Kg2 Re1 30.b4 Rb2 31.b5 Kg7 32.Rc3 Ree2 33.Rf3 Re5 34.Rf4 Rbxb5 35.Rxb5 Rxb5
36.Ra4 Rb3 37.Rc4 Ra3 38.Rb4 Kf6 39.Rf4+ Kg7 40.Rb4 Ra1 41.Rc4 Re1 42.Rc3 Re4
43.Kf3 Rd4 44.Ra3 Kf6 45.Ra6+ e6 46.Ra7 Rb4 47.Rc7 Rb6 48.Ra7 Rd6 49.Rb7 Rd8
50.Ra7 Re8 51.Rb7 Re7 52.Rb6 Ra7 53.Rb4 Rd7 54.Ra4 Kg5 55.Kg2 Rd2 56.Rb4 f6
57.Rb5+ Kxg4 58.Rb4+ Kg5 59.Kf3 f5 60.Ra4 Rb2 61.Ra5 Rb3+ 62.Kg2 Rb1 63.Kh3 Re1
64.f4+ Kf6 65.Kg2 Re2+ 66.Kf3 Rb2 67.Ra8 g5 68.fxg5+ hxg5 69.Rf8+ Ke5 70.Ra8 g4+
71.Ke3 Rg2 72.Ra5+ Kf6  0-1

[Event "SPA Open A"]
[Site "Amsterdam NED"]
[Date "2011.07.12"]
[Round "4"]
[White "Theulings,PP"]
[Black "Kohler,Ar"]
[Result "0-1"]
[WhiteElo "2120"]
[BlackElo "2225"]

1.Nf3 Nf6 2.c4 g6 3.g3 Bg7 4.Bg2 O-O 5.d4 d6 6.Nc3 Nbd7 7.O-O c6 8.e4 e5
9.h3 Qb6 10.Re1 Re8 11.Re2 exd4 12.Nxd4 Ne5 13.b3 a6 14.Be3 Qa5 15.Rc2 c5
16.Nde2 Nc6 17.Rac1 Qc7 18.Rd2 Bf8 19.Bg5 Nd7 20.Nd5 Qb8 21.Bf6 Nb4 22.Ba1 Nxd5
23.Rxd5 b5 24.Qd2 Bb7 25.Qc3 f6 26.Nf4 Bxd5 27.cxd5 Bh6 28.Ne6 Bxc1 29.Qxc1 Re7
30.g4 Rf7 31.g5 h6 32.gxf6 Kh7 33.Qf4 Qh8 34.Qxd6 Nxf6 35.Qf4 Raa7 36.Qh4 Kg8
37.Qg3 Kh7 38.Qh4 Kg8 39.Qg3 Kh7 40.Nf4 Qg7 41.e5 Nd7 42.Ne6 Qg8 43.Qh4 Rf5
44.Be4 Nxe5 45.f4 Nf7 46.Kh1 Rd7 47.Bg7 Rdxd5 48.Bxd5 Rxd5 49.Qf6 Qa8 50.Qxf7 Rd7+  0-1

[Event "St Pauli Open"]
[Site "Hamburg GER"]
[Date "2011.07.12"]
[Round "5.31"]
[White "Johannsen,D"]
[Black "Klein,Rai"]
[Result "0-1"]
[WhiteElo "2083"]
[BlackElo "1968"]

1.Nf3 Nf6 2.g3 g6 3.c4 Bg7 4.Bg2 O-O 5.O-O d6 6.Nc3 e5 7.d3 c6 8.Rb1 Qc7
9.Bd2 a6 10.b4 Nbd7 11.Ne1 Re8 12.a4 Nf8 13.b5 axb5 14.axb5 Be6 15.Qb3 d5
16.cxd5 cxd5 17.Nxd5 Nxd5 18.Bxd5 Bxd5 19.Qxd5 Red8 20.Qb3 e4 21.Rc1 Qe7
22.Bb4 Qe5 23.Bc3 Qg5 24.f4 exf3 25.Rxf3 Ne6 26.e3 Qd5 27.Rb1 Bxc3 28.Qxc3 Ng5
29.Rf6 Nh3+ 30.Kf1 Qh1+ 31.Ke2 Qxh2+ 32.Kf3 Ng1+ 33.Ke4 Re8+ 34.Kd5 Rad8+
35.Kc5 Rc8+ 36.Rc6 Qh5+ 37.Kd6 bxc6 38.bxc6 Red8+ 39.Ke7 Qg5+  0-1

[Event "Oberwart Open"]
[Site "Oberwart AUT"]
[Date "2011.07.12"]
[Round "4"]
[White "Wegerer,F"]
[Black "Neumeier,K"]
[Result "1/2-1/2"]
[WhiteElo "2142"]
[BlackElo "2281"]

1.Nf3 Nf6 2.c4 g6 3.g3 Bg7 4.Bg2 O-O 5.O-O d6 6.Nc3 e5 7.d3 Nc6 8.Bg5 h6
9.Bd2 Re8 10.Rc1 Nd4 11.Nd5 c6 12.Nxf6+ Qxf6 13.Ne1 Bg4 14.f3 Bd7 15.e3 Ne6
16.f4 exf4 17.Bc3 Qg5 18.gxf4 Qh4 19.d4 Nf8 20.Qd3 Qh5 21.d5 c5 22.Bxg7 Kxg7
23.e4 Nh7 24.Qc3+ Kg8 25.Rc2 Qh4 26.Rcf2 b5 27.b3 Nf6 28.e5 Ng4  1/2-1/2

[Event "118th ch-SCO"]
[Site "Edinburgh SCO"]
[Date "2011.07.13"]
[Round "5"]
[White "Dempsey,T"]
[Black "Sreeves,C"]
[Result "0-1"]
[WhiteElo "2201"]
[BlackElo "2169"]

1.Nf3 Nf6 2.c4 g6 3.g3 Bg7 4.Bg2 O-O 5.O-O d6 6.Nc3 a6 7.d3 e5 8.Rb1 h6 9.b4 Nh5
10.a4 f5 11.Bb2 Nd7 12.Qc2 Kh7 13.Nd2 Ndf6 14.b5 axb5 15.axb5 Rb8 16.Ra1 Bd7
17.Ba3 Be6 18.Bb4 Rf7 19.Ra7 d5 20.cxd5 Nxd5 21.Nxd5 Bxd5 22.e4 fxe4 23.dxe4 Be6
24.Bc5 Qd7 25.Rb1 Bh3 26.f3 Rd8 27.Be3 Bxg2 28.Kxg2 Nf4+ 29.Bxf4 exf4 30.Nf1 Bd4
31.Ra2 Bb6 32.gxf4 Qd4 33.Qe2 Qg1+ 34.Kh3 Rxf4 35.Rd2 Qg5  0-1

[Event "118th ch-SCO"]
[Site "Edinburgh SCO"]
[Date "2011.07.13"]
[Round "5"]
[White "Campbell,E"]
[Black "O'Neil,Jim"]
[Result "0-1"]
[WhiteElo "1876"]
[BlackElo "1980"]

1.Nf3 Nf6 2.c4 g6 3.g3 Bg7 4.Bg2 O-O 5.O-O Nc6 6.d4 Rb8 7.Nc3 a6 8.d5 Na5
9.c5 d6 10.cxd6 cxd6 11.Nd4 e5 12.dxe6 fxe6 13.Bg5 h6 14.Bxf6 Qxf6 15.e3 d5
16.Qa4 Nc6 17.Nxc6 bxc6 18.Qa3 e5 19.e4 d4 20.Na4 Rf7 21.Rac1 Bf8 22.Qd3 c5
23.Nxc5 Bxc5 24.Rxc5 Bd7 25.Qd2 Bb5 26.Rfc1 Kg7 27.Bf1 Bxf1 28.Kxf1 Qf3 29.Kg1 Qxe4
30.Re1 Rxb2 31.Rxe4 Rxd2 32.Rcxe5 Rdxf2 33.Rxd4 Rxa2 34.Red5 a5 35.Rd6 a4
36.h4 Rb7 37.Rd7+ Rxd7 38.Rxd7+ Kf6 39.Rd6+ Kf5 40.g4+ Kxg4 41.Rxg6+ Kh5
42.Ra6 a3 43.Kh1 Kg4 44.Rxh6 Kh3  0-1

[Event "Open ch-SVK A"]
[Site "Banska Stiavnica SVK"]
[Date "2011.07.15"]
[Round "7"]
[White "Zaskalski,A"]
[Black "Ondrus,M"]
[Result "1/2-1/2"]
[WhiteElo "2214"]
[BlackElo "2313"]

1.Nf3 Nf6 2.c4 g6 3.g3 Bg7 4.Bg2 O-O 5.Nc3 d5 6.cxd5 Nxd5 7.O-O Nc6 8.d4 Nb6
9.e3 Re8 10.d5 Na5 11.Nd4 Qd7 12.Qc2 a6 13.Rd1 Nac4 14.b3 Nd6 15.a4 Qg4 16.h3 Qh5
17.a5 Nd7 18.g4 Qh4 19.Nf3 Qf6 20.Bb2 e5 21.dxe6 Qxe6 22.Nd5 Bxb2 23.Qxb2 Nb5
24.Nd4 Qe5 25.f4 Qg7 26.Qf2 Nf6 27.Nxb5 Nxd5 28.Bxd5 axb5 29.Qd2 c6 30.Bf3 Be6
31.Qc2 Rad8 32.Rab1 Qh6 33.Kg2 Bd5 34.e4 Be6 35.Kg3 Qg7 36.h4 h6 37.g5 h5
38.Rd3 Rxd3 39.Qxd3 Qf8 40.b4 Rd8 41.Qc3 Bc4 42.Qe5 Rd3 43.Rb2 Qa8 44.f5 Qc8
45.Kg2 Qd7 46.Rf2 Rd2 47.Qb8+ Kh7 48.fxg6+ fxg6 49.Qf4 Rxf2+ 50.Kxf2 Qd4+  1/2-1/2

[Event "3rd Artemis Cup"]
[Site "Leros GRE"]
[Date "2011.07.15"]
[Round "5.1"]
[White "Mastrovasilis,D"]
[Black "Pavlidis,Ana"]
[Result "1/2-1/2"]
[WhiteElo "2604"]
[BlackElo "2323"]

1.Nf3 Nf6 2.c4 g6 3.g3 Bg7 4.Bg2 O-O 5.O-O d6 6.Nc3 e5 7.d3 Re8 8.Rb1 a5
9.a3 c6 10.b4 axb4 11.axb4 d5 12.cxd5 Nxd5 13.Ne4 f5 14.Qb3 h6 15.Nc5 b6
16.e4 bxc5 17.exd5 Qxd5 18.Qxd5+ cxd5 19.Nh4 e4 20.Nxg6 c4 21.dxc4 dxc4 22.Be3 Nc6
23.Rfc1 Be6 24.b5 Na5 25.Nf4 Bf7 26.Bh3 Nb3 27.Rc2 Na1 28.Rcc1 Nb3 29.Rc2 Na1
30.Rcc1  1/2-1/2

[Event "Najdorf Memorial"]
[Site "Warsaw POL"]
[Date "2011.07.15"]
[Round "3"]
[White "Romanishin,O"]
[Black "Wieczorek,O"]
[Result "1/2-1/2"]
[WhiteElo "2526"]
[BlackElo "2374"]

1.Nf3 Nf6 2.c4 g6 3.g3 Bg7 4.Bg2 O-O 5.d4 c6 6.O-O d5 7.cxd5 cxd5 8.Ne5 Ng4
9.f4 Nxe5 10.fxe5 Nc6 11.Nc3 e6 12.Be3 f6 13.exf6 Bxf6 14.Kh1 Bd7 15.Bg1 Bg7
16.Rxf8+ Qxf8 17.e4 dxe4 18.Nxe4 Nd8 19.d5 exd5 20.Qxd5+ Be6 21.Qb5 Qf5 22.Qe8+ Qf8
23.Qxf8+ Kxf8 24.Rf1+ Kg8 25.b3 Bd7 26.Nc5 Bc6 27.Bxc6 Nxc6 28.Nxb7 Nb4 29.a4 a6
30.Rd1 Rc8 31.Rd8+ Rxd8 32.Nxd8 Bf6 33.Ne6 Kf7 34.Nc7 Bd8 35.Bc5 Bxc7 36.Bxb4 Ke6
37.Kg2 Kd5 38.Kf3 Kd4 39.Be1 Kd3 40.h3 Kc2 41.b4 Kb3 42.b5 a5 43.Bf2  1/2-1/2

[Event "TCh-Euro Open Girls"]
[Site "Iasi ROU"]
[Date "2011.07.16"]
[Round "2.3"]
[White "Varga,Me"]
[Black "Gluszko,M"]
[Result "1/2-1/2"]
[WhiteElo "2152"]
[BlackElo "2103"]

1.Nf3 Nf6 2.c4 g6 3.g3 Bg7 4.Bg2 O-O 5.d4 d5 6.cxd5 Nxd5 7.O-O Na6 8.e4 Nb6
9.Nc3 c5 10.d5 e6 11.Bg5 Qd7 12.Bh3 f5 13.exf5 exf5 14.Bg2 Bxc3 15.bxc3 Qxd5
16.Nd2 Qf7 17.Re1 Re8 18.Rxe8+ Qxe8 19.a4 Qf7 20.a5 Nd5 21.c4 Ndb4 22.Nf3 Nc6
23.Bh6 Nab4 24.Qd6 Qe7 25.Qf4 Nd3 26.Qd2 Ncb4 27.Ne1 Qf6 28.Rd1 Nxe1 29.Qxe1 Be6
30.Rd6 Re8 31.Bd5 Kf7 32.Rd7+ Kg8 33.Rd6 Kf7 34.Rd7+ Kg8 35.Rd6  1/2-1/2

[Event "5th LCT Open A"]
[Site "Leiden NED"]
[Date "2011.07.16"]
[Round "8"]
[White "Spirin,O"]
[Black "Van der Marel,B"]
[Result "1-0"]
[WhiteElo "2491"]
[BlackElo "2168"]

1.Nf3 Nf6 2.c4 g6 3.g3 Bg7 4.Bg2 O-O 5.O-O d6 6.d4 c6 7.Nc3 Na6 8.h3 Nc7
9.d5 c5 10.a4 e6 11.e4 exd5 12.cxd5 Nd7 13.Bg5 f6 14.Bc1 Ne5 15.Ne1 f5 16.f4 Nf7
17.Nf3 fxe4 18.Nxe4 Bf5 19.Nf2 Rb8 20.g4 Bd7 21.Ne4 a6 22.Ng3 b5 23.f5 bxa4
24.fxg6 hxg6 25.Qc2 Rb3 26.Qxg6 Nh8 27.Qc2 Bb5 28.Ng5 Bd3 29.Rxf8+ Qxf8 30.Qd1 Bd4+
31.Kh1 Qf2 32.N5e4 Bxe4 33.Nxe4 Qh4 34.Qf1 Nf7 35.Rxa4 Be3 36.Nf6+ Kh8 37.Bxe3 Rxe3
38.Re4 Rxe4 39.Nxe4 Kg7 40.Qd1 Nb5 41.Qd2 Ne5 42.Qf4 Nd3 43.Qf5 Qe7 44.Ng3 Qe3
45.Nh5+ Kg8 46.Qg6+  1-0

[Event "Oberwart Open"]
[Site "Oberwart AUT"]
[Date "2011.07.16"]
[Round "8"]
[White "Schachinger,M"]
[Black "Sergeev,Vl"]
[Result "0-1"]
[WhiteElo "2360"]
[BlackElo "2522"]

1.Nf3 g6 2.c4 Bg7 3.g3 Nf6 4.Bg2 O-O 5.O-O d6 6.d4 Nbd7 7.Nc3 e5 8.h3 a6
9.b3 Rb8 10.dxe5 dxe5 11.Be3 b6 12.Qc2 Bb7 13.Rfd1 Qe7 14.Rac1 Rfd8 15.Ng5 Bxg2
16.Kxg2 h6 17.Nf3 Rbc8 18.Nd5 Nxd5 19.cxd5 Nf6 20.Qc6 e4 21.Ne1 Rd6 22.Qb7 Qd7
23.Rc6 Rxd5 24.Rxd5 Nxd5 25.Bxb6 Kh7 26.Nc2 Rb8  0-1